000 01230nac a22003251u 4500
010 _a 2006297072
020 _a0521832241
024 3 _a9780521832243
035 _a(OCoLC)ocm62475343
082 0 4 _a621.36
_bNOV
082 0 4 _a535
090 _c8119
_d8119
100 _aNovotny, Lukas.
245 1 0 _aPrinciples of nano-optics /
_cLukas Novotny, Bert Hecht.
260 _aCambridge ;
_aNew York :
_bCambridge University Press,c.2006.
_cc.2006.
300 _axvii, 539 p. :
_bill. ;
_c26 cm.
500 _aDistributer: Al-Ahram
504 _aIncludes bibliographical references and index.
511 _aCatalogued By: Mahitab.
650 0 _aNanostructured materials.
650 0 _aNear-field microscopy.
650 0 _aQuantum optics.
650 0 _aPhotonics.
700 1 _aHecht, Bert,
_d1968-
856 4 2 _3Publisher description
_uhttp://www.loc.gov/catdir/enhancements/fy0665/2006297072-d.html
856 4 2 _3Table of contents only
_uhttp://www.loc.gov/catdir/enhancements/fy0665/2006297072-t.html
942 _cBB
_k621.36NOV
999 _c8119
_d8119